Statistics for Countries of N.A.T.O.

Click here to take the quiz!

General Stats

  • This quiz has been taken 10 times
  • The average score is 31 of 32

Answer Stats

Answer% Correct
Belgium
100%
Canada
100%
Croatia
100%
Czechia
100%
Finland
100%
France
100%
Germany
100%
Iceland
100%
Italy
100%
Luxembourg
100%
Netherlands
100%
Norway
100%
Portugal
100%
Slovakia
100%
Spain
100%
Sweden
100%
United Kingdom
100%
United States
100%
Bulgaria
90%
Denmark
90%
Estonia
90%
Greece
90%
Hungary
90%
Latvia
90%
Lithuania
90%
Montenegro
90%
North macedonia
90%
Poland
90%
Romania
90%
Slovenia
90%
Turkey
90%
Albania
80%

Score Distribution

Percentile by Number Answered

Percent of People with Each Score

Your Score History

You have not taken this quiz